00867cam a2200205 i 45000010009000000050017000090080041000260200018000670200015000850400013001000820023001132450318001362500012004542600035004663000055005016500029005566500028005856500025006137000023006381902792920170224110307.0160323t20162016dcua b 001 0 eng c a9781555819088 a1555819087 cPK-LaUMT00a616.9041223bMOL-00aMolecular microbiology :bdiagnostic principles and practice /ceditors in chief: David H. Persing, Cepheid Corporation, Sunnyvale, California, Fred C. Tenover, Cepheid Corporation, Sunnyvale, California ; editors: Randall T. Hayden, St. Jude's Children's Research Hospital, Memphis, Tennessee, [and five others]. a3rd ed. aWashington :bASM Press,c2016 axv, 835 p. :billustrations (some color) ;c29 cm 0aDiagnostic microbiology. 0aMolecular microbiology. 0aMolecular diagnosis.1 aPersing, David H.,